000 00361nam a22001457a 4500
003 OSt
008 241226b |||||||| |||| 00| 0 eng d
041 _aeng
082 _a621.31924
_bKEM/TH
100 _aKemp, Philip .
_96561
245 _aThe operator: For electrical engineers /
260 _aLondon :
_bMcMillon & Co Ltd.
300 _a135 ; .
942 _cBK
999 _c1979
_d1979